1719 1870 1934 1151 1001 1481 1309 1966 1937 1602 1380 1746 1116 1149 1995 1363 1068 1124 1351 1477 1247 1388 1661 1532 1742 1801 1870 1304 1610 1874 1200 1318 1469 1271 1719 1172 1708 1523 1914 1965 1188 1776 1312 1044 1533 1528 1154 1002 1289 1443 1021 1975 1175 1097 1552 1744 1828 1800 1600 1062 1763 1866 1436 1540 1141 1733 1599 1893 1205 1864 1051 1499 1128 1018 1142 1861 1671 1823 1595 1831 1346 1899 1272 1720 1781 1235 1192 1712 1031 1049 1811 1079 1637 1588 1265 1968 1983 1557 1657 BCNSPRNW ULIB Ver.6.0+V

เปลี่ยนเป็นภาษาไทย

Change to English
 แสดงรายละเอียดบรรณานุกรม
  กลับหน้าหลัก

Brief Record : Get Marc (ISO 2709) : E-mail record : QR code < ปิดหน้าต่าง
LEADER : 00000nam 2200000uu 4500
001    13399114025
003     ULIB
008    120110s||||||||th 000 0 tha d
020    9745747629
099    วพ.WF490^bก181ป
100 0  กัลยา เพียรแก้ว
245 00 ปัจจัยที่มีผลต่อความยึดมั่นผูกพันต่อองค์การตามการรับรู้ของพยาบาลวิชาชีพ ในโรงพยาบาลส่วนภูมิภาคสังกัดกระทรวงสาธารณสุข/^cกัลยา เพียรแก้ว
260    ชลบุรี :^bมหาวิทยาลัยบูรพา,^c2552
300    180 หน้า :^bตาราง
500    วิทยานิพนธ์
650  7 ความยึดมั่นผูกพันต่อองค์กร^xวิจัย
710    มหาวิทยาลัยบูรพา
945    ^p0^l0^i030990
995    ทศพร
999 ^a ทศพร
รายการนี้ยังไม่มีแท็ก
คุณยังไม่ได้ล็อกอิน คุณสามารถมีกิจกรรมร่วมกับเว็บไซต์ได้ แต่ต้องล็อกอินก่อน ::
  ล็อกอิน

รายการสื่อสารสนเทศ

ลำดับที่ ประเภท เลขเรียก/บาร์โค้ด สถานที่ สถานะ
1. วิทยานิพนธ์
วิทยานิพนธ์
วพ.WF490 ก181ป ฉ.1 
  Barcode: 030990
ห้องสมุดวิทยาเขตสวรรค์ประชารักษ์
►วิจัย
บนชั้น

BibComment


ยังไม่เคยถูกคอมเมนท์

คอมเมนท์ทรัพยากรรายการนี้
  คอมเมนท์: ปัจจัยที่มีผลต่อค..


 Copyright 2026. Bcnsprnw @Library